[Event "Lloyds Bank Masters 14th"]
[Site "London"]
[Date "1990.08.19"]
[Round "2"]
[White "Pein, Malcolm"]
[Black "Smagin, Sergey"]
[Result "1-0"]
[WhiteElo "2420"]
[BlackElo "2550"]
[PlyCount "63"]
[EventDate "1990.08.18"]
[EventType "swiss"]
[EventRounds "10"]
[EventCountry "ENG"]
[SourceTitle "BritBase"]
[Source "John Saunders"]
[SourceDate "2023.05.21"]
[SourceVersion "1"]
[SourceVersionDate "2023.05.21"]
[SourceQuality "1"]

1. Nf3 d5 2. d4 Nf6 3. c4 e6 4. g3 dxc4 5. Bg2 c5 6. O-O Nc6 7. dxc5 Qxd1 8.
Rxd1 Bxc5 9. Nbd2 c3 10. bxc3 O-O 11. Nb3 Bb6 12. Ba3 Rd8 13. Rxd8+ Bxd8 14.
Nfd4 Ne5 15. Rd1 Nd5 16. Nf5 f6 17. e4 exf5 18. exd5 Bd7 19. Nc5 Rc8 20. d6 Bb6
21. Bd5+ Kf8 22. Nxd7+ Nxd7 23. Be6 Ke8 24. c4 Bc5 25. Bb2 Rc6 26. Bxf5 Bxd6
27. Bxh7 Ne5 28. Be4 Rxc4 29. Bxb7 Rb4 30. Rxd6 Rxb2 31. Bd5 Rd2 32. Bc6+ 1-0

[Event "Lloyds Bank Masters 14th"]
[Site "London"]
[Date "1990.08.19"]
[Round "2"]
[White "Rashkovsky, Nukhim N"]
[Black "Martin, Andrew D"]
[Result "1-0"]
[WhiteElo "2530"]
[BlackElo "2415"]
[PlyCount "82"]
[EventDate "1990.08.18"]
[EventType "swiss"]
[EventRounds "10"]
[EventCountry "ENG"]
[SourceTitle "BritBase"]
[Source "John Saunders"]
[SourceDate "2023.05.21"]
[SourceVersion "1"]
[SourceVersionDate "2023.05.21"]
[SourceQuality "1"]

1. Nf3 Nf6 2. d4 d6 3. g3 Nbd7 4. Bg2 e5 5. O-O c6 6. c4 Be7 7. Nc3 O-O 8. Qc2
a6 9. Rd1 Qc7 10. a3 Re8 11. b4 a5 12. b5 Bf8 13. Rb1 exd4 14. Nxd4 c5 15. b6
Nxb6 16. Ndb5 Qd8 17. Bg5 Be6 18. Bxf6 Qxf6 19. Nxd6 Nxc4 20. Nce4 Qg6 21. Nxc4
Rad8 22. Rxd8 Rxd8 23. e3 Bf5 24. f3 Qh6 25. Rb6 Be6 26. f4 Qh5 27. Nf2 g5 28.
f5 Bc8 29. g4 Qh4 30. Qe4 h5 31. Bf3 hxg4 32. Qxg4 a4 33. Qxh4 gxh4 34. Be4 Be7
35. Kg2 Kg7 36. Kf3 Rd7 37. Nd3 Bd8 38. Rb5 Kf6 39. Rxc5 Rc7 40. Rxc7 Bxc7 41.
Nf4 Bb8 1-0

[Event "Lloyds Bank Masters 14th"]
[Site "London"]
[Date "1990.08.19"]
[Round "2"]
[White "Rogers, Jonathan"]
[Black "Fedorowicz, John P"]
[Result "1/2-1/2"]
[WhiteElo "2240"]
[BlackElo "2565"]
[PlyCount "127"]
[EventDate "1990.08.18"]
[EventType "swiss"]
[EventRounds "10"]
[EventCountry "ENG"]
[SourceTitle "BritBase"]
[Source "John Saunders"]
[SourceDate "2023.05.21"]
[SourceVersion "1"]
[SourceVersionDate "2023.05.21"]
[SourceQuality "1"]

1. a3 g6 2. e4 Bg7 3. d4 d6 4. Nc3 Nf6 5. Bg5 h6 6. Bh4 O-O 7. Be2 c5 8. dxc5
g5 9. Bg3 dxc5 10. h4 Qxd1+ 11. Rxd1 g4 12. h5 Nc6 13. f3 Nd4 14. Rd2 Be6 15.
Bd1 Rad8 16. Nce2 gxf3 17. gxf3 Nd7 18. Nxd4 cxd4 19. Ne2 Ne5 20. Bxe5 Bxe5 21.
Rg1+ Kh8 22. f4 Bf6 23. Kf2 Bc4 24. Kf3 e5 25. fxe5 Bg5 26. Nf4 Rfe8 27. e6
fxe6 28. Ng6+ Kh7 29. Rdg2 Be3 30. Re1 e5 31. Rxe3 dxe3 32. Be2 Bxe2+ 33. Rxe2
Rd2 34. Rxe3 Rxc2 35. Rd3 Rc7 36. Rd5 Kg7 37. Nxe5 Rce7 38. Ng6 Rxe4 39. Rd7+
Kf6 40. Rxb7 Re3+ 41. Kg4 R8e4+ 42. Nf4 Ra4 43. b3 Rd4 44. Rxa7 Rxb3 45. Ra6+
Kg7 46. Ra7+ Kg8 47. Ra6 Rb7 48. Kg3 Rg7+ 49. Ng6 Rc7 50. Ra8+ Kg7 51. Nf4 Rc3+
52. Kg4 Rc6 53. Kg3 Rf6 54. Ra7+ Kf8 55. Ng6+ Ke8 56. Ra8+ Kd7 57. Ne5+ Kc7 58.
Ng4 Rb6 59. Rg8 Rb3+ 60. Kh4 Rb1 61. Rg6 Rg1 62. Kh3 Rd3+ 63. Kh2 Rdd1 64. Nxh6
1/2-1/2

[Event "Lloyds Bank Masters 14th"]
[Site "London"]
[Date "1990.08.19"]
[Round "2"]
[White "Smart, Leslie"]
[Black "Yeo, Michael J"]
[Result "0-1"]
[WhiteElo "2205"]
[BlackElo "2230"]
[PlyCount "58"]
[EventDate "1990.08.18"]
[EventType "swiss"]
[EventRounds "10"]
[EventCountry "ENG"]
[SourceTitle "BritBase"]
[Source "John Saunders"]
[SourceDate "2023.05.21"]
[SourceVersion "1"]
[SourceVersionDate "2023.05.21"]
[SourceQuality "1"]

1. e4 e5 2. Nf3 Nc6 3. Bb5 a6 4. Ba4 d6 5. O-O Bg4 6. h3 h5 7. c3 Qf6 8. Bxc6+
bxc6 9. d4 Bxf3 10. Qxf3 Qxf3 11. gxf3 Ne7 12. dxe5 dxe5 13. Na3 g5 14. Nc4 f6
15. Be3 Ng6 16. Kg2 Nh4+ 17. Kg3 Be7 18. Na5 f5 19. exf5 Rh6 20. Rad1 Nxf5+ 21.
Kg2 Nh4+ 22. Kh1 Nxf3 23. b4 Rg6 24. Nb3 g4 25. Bc5 Bd6 26. Rd3 O-O-O 27. Rfd1
e4 28. Re3 gxh3 29. Bxd6 Rdxd6 0-1

[Event "Lloyds Bank Masters 14th"]
[Site "London"]
[Date "1990.08.19"]
[Round "2"]
[White "Suba, Mihai"]
[Black "Luce, Sebastien"]
[Result "1-0"]
[WhiteElo "2520"]
[BlackElo "2415"]
[PlyCount "91"]
[EventDate "1990.08.18"]
[EventType "swiss"]
[EventRounds "10"]
[EventCountry "ENG"]
[SourceTitle "BritBase"]
[Source "John Saunders"]
[SourceDate "2023.05.21"]
[SourceVersion "1"]
[SourceVersionDate "2023.05.21"]
[SourceQuality "1"]

1. d4 e6 2. c4 Bb4+ 3. Nc3 Nf6 4. e3 b6 5. Nge2 Ne4 6. Bd2 Nxd2 7. Qxd2 Bb7 8.
a3 Be7 9. O-O-O Nc6 10. Kb1 Na5 11. Nf4 Ba6 12. c5 Bxf1 13. Rhxf1 O-O 14. b4
Nc4 15. Qa2 d5 16. cxd6 Nxd6 17. d5 e5 18. Nd3 e4 19. Ne5 Bf6 20. Nc6 Qd7 21.
Rc1 Qf5 22. Qe2 Rfe8 23. Rfd1 a6 24. Ka2 b5 25. f4 exf3 26. gxf3 Qh5 27. Rc2 g6
28. Rd3 Bg7 29. e4 f5 30. e5 Bxe5 31. Nxe5 f4 32. Ng4 Rxe2 33. Nxe2 Qg5 34.
Rxc7 h5 35. h4 Qd8 36. Rd7 Qf8 37. Nh6+ Qxh6 38. Rxd6 Qg7 39. Nd4 Re8 40. Rd2
Kh8 41. Rxa6 Qe5 42. d6 Rd8 43. Nb3 Qc3 44. d7 Kg7 45. Rad6 Qxf3 46. Nd4 1-0

[Event "Lloyds Bank Masters 14th"]
[Site "London"]
[Date "1990.08.20"]
[Round "3"]
[White "Barua, Dibyendu"]
[Black "Mack, Andrew L"]
[Result "1/2-1/2"]
[WhiteElo "2490"]
[BlackElo "2270"]
[PlyCount "73"]
[EventDate "1990.08.18"]
[EventType "swiss"]
[EventRounds "10"]
[EventCountry "ENG"]
[SourceTitle "BritBase"]
[Source "John Saunders"]
[SourceDate "2023.05.21"]
[SourceVersion "1"]
[SourceVersionDate "2023.05.21"]
[SourceQuality "1"]

1. e4 e6 2. Nf3 d5 3. e5 c5 4. b4 cxb4 5. a3 bxa3 6. Bxa3 Bxa3 7. Rxa3 Nh6 8.
d4 O-O 9. h4 Nc6 10. Bd3 f6 11. Nbd2 Qe7 12. Rb3 a5 13. O-O a4 14. Rb1 a3 15.
c3 fxe5 16. dxe5 g6 17. h5 g5 18. Qe2 Qg7 19. Rfe1 g4 20. Nd4 Nxd4 21. cxd4 Qg5
22. Rec1 Qxh5 23. Nf1 Qg5 24. Rc7 Rf7 25. Qc2 Rxc7 26. Qxc7 Qg7 27. Qd8+ Qf8
28. Qg5+ Qg7 29. Qd8+ Qf8 30. Bxh7+ Kg7 31. Qc7+ Qf7 32. Qc2 Nf5 33. Bxf5 Qxf5
34. Qc1 a2 35. Ra1 Qd3 36. Qb2 Ra4 37. Qc1 1/2-1/2

[Event "Lloyds Bank Masters 14th"]
[Site "London"]
[Date "1990.08.20"]
[Round "3"]
[White "Conquest, Stuart C"]
[Black "Coleman, David J"]
[Result "1-0"]
[WhiteElo "2460"]
[BlackElo "2235"]
[PlyCount "93"]
[EventDate "1990.08.18"]
[EventType "swiss"]
[EventRounds "10"]
[EventCountry "ENG"]
[SourceTitle "BritBase"]
[Source "John Saunders"]
[SourceDate "2023.05.21"]
[SourceVersion "1"]
[SourceVersionDate "2023.05.21"]
[SourceQuality "1"]

1. e4 c5 2. Nf3 d6 3. d4 cxd4 4. Nxd4 Nf6 5. Nc3 a6 6. Bg5 e6 7. f4 Be7 8. Qf3
Qc7 9. O-O-O Nbd7 10. Bd3 h6 11. Bh4 g5 12. fxg5 Ne5 13. Qe2 Nfg4 14. Nf3 hxg5
15. Bg3 Bd7 16. h3 Nxf3 17. hxg4 Nh4 18. Rhf1 Ng6 19. e5 Nxe5 20. Bxe5 dxe5 21.
Rf3 Rh6 22. Rdf1 f6 23. Nb1 Qa5 24. a3 b5 25. Be4 Rc8 26. Rd1 b4 27. axb4 Qxb4
28. Rc3 Rxc3 29. Nxc3 Bc8 30. Kb1 Kf7 31. Bd3 a5 32. Rf1 a4 33. Qxe5 a3 34. Nb5
Rh1 35. Qc3 Rxf1+ 36. Bxf1 Qf4 37. Bd3 axb2 38. Kxb2 Ba6 39. Nd4 Bxd3 40. Qxd3
Bc5 41. Qh7+ Ke8 42. Qg8+ Bf8 43. Qxf8+ Kxf8 44. Nxe6+ Kf7 45. Nxf4 gxf4 46.
Kc3 Kg6 47. Kd4 1-0

[Event "Lloyds Bank Masters 14th"]
[Site "London"]
[Date "1990.08.20"]
[Round "3"]
[White "Flear, Glenn C"]
[Black "Rashkovsky, Nukhim N"]
[Result "1-0"]
[WhiteElo "2485"]
[BlackElo "2530"]
[PlyCount "68"]
[EventDate "1990.08.18"]
[EventType "swiss"]
[EventRounds "10"]
[EventCountry "ENG"]
[SourceTitle "BritBase"]
[Source "John Saunders"]
[SourceDate "2023.05.21"]
[SourceVersion "1"]
[SourceVersionDate "2023.05.21"]
[SourceQuality "1"]

1. d4 c5 2. d5 e5 3. e4 d6 4. Nc3 Be7 5. Nf3 a6 6. h3 b5 7. a4 b4 8. Nb1 Nf6 9.
Nbd2 Nbd7 10. a5 Nf8 11. Bd3 Ng6 12. g3 O-O 13. Qe2 Ra7 14. Kf1 Nxe4 15. Nxe4
f5 16. Kg2 fxe4 17. Bxe4 Bf5 18. Bxf5 Rxf5 19. Qe4 Qf8 20. Be3 Bd8 21. Rhf1
Raf7 22. Nd2 Nf4+ 23. Kh2 Ne2 24. Qd3 Nd4 25. Bxd4 cxd4 26. Ne4 Ra7 27. Kg1 Be7
28. Ra4 Rf3 29. Qc4 b3 30. Nd2 Rf6 31. Qxb3 Ra8 32. Kg2 Rh6 33. f4 Rb8 34. Rb4
Rxb4 {time} 1-0

[Event "Lloyds Bank Masters 14th"]
[Site "London"]
[Date "1990.08.20"]
[Round "3"]
[White "Gallagher, Joseph G"]
[Black "Adams, Michael"]
[Result "1/2-1/2"]
[WhiteElo "2495"]
[BlackElo "2590"]
[PlyCount "23"]
[EventDate "1990.08.18"]
[EventType "swiss"]
[EventRounds "10"]
[EventCountry "ENG"]
[SourceTitle "BritBase"]
[Source "John Saunders"]
[SourceDate "2023.05.21"]
[SourceVersion "1"]
[SourceVersionDate "2023.05.21"]
[SourceQuality "1"]

1. e4 c6 2. d4 d5 3. Nd2 dxe4 4. Nxe4 Nd7 5. Bc4 Ngf6 6. Ng5 e6 7. Qe2 Nb6 8.
Bb3 h6 9. N5f3 a5 10. a4 c5 11. Bf4 Bd6 12. Bg3 1/2-1/2

[Event "Lloyds Bank Masters 14th"]
[Site "London"]
[Date "1990.08.20"]
[Round "3"]
[White "Gurieli, Nino"]
[Black "Suba, Mihai"]
[Result "0-1"]
[WhiteElo "2340"]
[BlackElo "2520"]
[PlyCount "81"]
[EventDate "1990.08.18"]
[EventType "swiss"]
[EventRounds "10"]
[EventCountry "ENG"]
[SourceTitle "BritBase"]
[Source "John Saunders"]
[SourceDate "2023.05.21"]
[SourceVersion "1"]
[SourceVersionDate "2023.05.21"]
[SourceQuality "1"]

1. Nf3 c5 2. g3 b6 3. Bg2 Bb7 4. O-O Nf6 5. c4 e6 6. Nc3 a6 7. d4 cxd4 8. Nxd4
Bxg2 9. Kxg2 Qc8 10. Qd3 Nc6 11. b3 Be7 12. Bb2 Ne5 13. Qd2 Qb7+ 14. f3 O-O 15.
Rad1 Rfd8 16. e4 Rac8 17. Rfe1 Bf8 18. Qe2 d6 19. f4 Ned7 20. Qf3 Nc5 21. g4 g6
22. g5 Nh5 23. f5 Re8 24. fxe6 fxe6 25. Rf1 Qe7 26. e5 dxe5 27. Nde2 Bg7 28. h4
Rf8 29. Qe3 Qb7+ 30. Kg1 Rxf1+ 31. Rxf1 Rd8 32. Rd1 Rf8 33. Ba3 Nf4 34. Qg3 Ne4
35. Qg4 Re8 36. Nxe4 Qxe4 37. Nc1 Qe3+ 38. Kf1 Bf8 39. Re1 Qd2 40. Rd1 Qh2 41.
Qg2 0-1

[Event "Lloyds Bank Masters 14th"]
[Site "London"]
[Date "1990.08.20"]
[Round "3"]
[White "Hebden, Mark"]
[Black "Lev, Ronen"]
[Result "1-0"]
[WhiteElo "2520"]
[BlackElo "2480"]
[PlyCount "77"]
[EventDate "1990.08.18"]
[EventType "swiss"]
[EventRounds "10"]
[EventCountry "ENG"]
[SourceTitle "BritBase"]
[Source "John Saunders"]
[SourceDate "2023.05.21"]
[SourceVersion "1"]
[SourceVersionDate "2023.05.21"]
[SourceQuality "1"]

1. d4 d5 2. c4 dxc4 3. Nf3 c5 4. e3 Nf6 5. Bxc4 e6 6. O-O a6 7. a4 cxd4 8. exd4
Nc6 9. Nc3 Be7 10. Bg5 O-O 11. Re1 Bd7 12. Qe2 Nb4 13. Ne5 Rc8 14. Rad1 Be8 15.
h4 Rc7 16. Bb3 Nfd5 17. Bxe7 Rxe7 18. h5 f6 19. Nd3 Nxd3 20. Nxd5 Nxe1 21.
Nxe7+ Qxe7 22. Rxe1 Bf7 23. h6 Re8 24. Qg4 g6 25. Qf3 Kf8 26. Re3 Rd8 27. Qf4
Rd6 28. Rc3 Be8 29. Rc8 Kf7 30. g4 Rc6 31. Rb8 Qc7 32. Bxe6+ Ke7 33. Qxc7+ Rxc7
34. Bg8 Kf8 35. d5 g5 36. Be6 Re7 37. d6 Rxe6 38. d7 Re1+ 39. Kh2 1-0

[Event "Lloyds Bank Masters 14th"]
[Site "London"]
[Date "1990.08.20"]
[Round "3"]
[White "Lagumina, Giulio"]
[Black "Ernst, Thomas"]
[Result "1/2-1/2"]
[WhiteElo "2280"]
[BlackElo "2440"]
[PlyCount "45"]
[EventDate "1990.08.18"]
[EventType "swiss"]
[EventRounds "10"]
[EventCountry "ENG"]
[SourceTitle "BritBase"]
[Source "John Saunders"]
[SourceDate "2023.05.21"]
[SourceVersion "1"]
[SourceVersionDate "2023.05.21"]
[SourceQuality "1"]

1. e4 e5 2. f4 exf4 3. Bc4 Nf6 4. Nc3 c6 5. Bb3 d5 6. exd5 cxd5 7. d4 Bd6 8.
Qf3 Bg4 9. Qf2 O-O 10. Nge2 Re8 11. O-O Bxe2 12. Nxe2 g5 13. h4 h6 14. hxg5
hxg5 15. Nxf4 gxf4 16. Bxf4 Bxf4 17. Qxf4 Re6 18. Qg5+ Kf8 19. Rae1 Nbd7 20.
Rxe6 fxe6 21. Ba4 Qb6 22. Rxf6+ Nxf6 23. Qxf6+ 1/2-1/2

[Event "Lloyds Bank Masters 14th"]
[Site "London"]
[Date "1990.08.20"]
[Round "3"]
[White "Levitt, Jonathan P"]
[Black "Mittelman, Gur"]
[Result "1-0"]
[WhiteElo "2455"]
[BlackElo "2220"]
[PlyCount "121"]
[EventDate "1990.08.18"]
[EventType "swiss"]
[EventRounds "10"]
[EventCountry "ENG"]
[SourceTitle "BritBase"]
[Source "John Saunders"]
[SourceDate "2023.05.21"]
[SourceVersion "1"]
[SourceVersionDate "2023.05.21"]
[SourceQuality "1"]

1. d4 Nf6 2. c4 g6 3. Nc3 d5 4. Bf4 Bg7 5. e3 c5 6. dxc5 Qa5 7. Rc1 dxc4 8.
Bxc4 O-O 9. Nf3 Qxc5 10. Bb3 Nc6 11. O-O Qa5 12. h3 Bf5 13. Qe2 Ne4 14. Nd5 e5
15. Rxc6 exf4 16. Rc7 Be6 17. Ne7+ Kh8 18. Rfc1 Bxb3 19. axb3 fxe3 20. Qxe3 Nd6
21. Qf4 Rad8 22. Ng5 h6 23. Ne4 Qe5 24. Qxe5 Bxe5 25. Nxd6 Bxd6 26. Rxb7 Rb8
27. Rxb8 Rxb8 28. Rc8+ Rxc8 29. Nxc8 Bc5 30. b4 Bd4 31. b3 Kg7 32. Nd6 Kf6 33.
Kf1 Ke6 34. Nc4 Kd5 35. Ke2 a6 36. Ne3+ Kc6 37. Nc2 Ba7 38. Na3 Bd4 39. f3 Bc3
40. Nc4 Kd5 41. Ne3+ Kc6 42. Kd3 Bxb4 43. Ng4 Bf8 44. Ne5+ Kd5 45. Nxf7 Bg7 46.
g3 Ke6 47. Nd8+ Kd7 48. Nb7 Kc6 49. Na5+ Kb5 50. Nc4 Kb4 51. Kc2 Kc5 52. Kd3
Kb4 53. Nd2 Bh8 54. f4 Bg7 55. g4 Bh8 56. f5 gxf5 57. gxf5 Bg7 58. Ne4 a5 59.
Kc2 a4 60. bxa4 Kxa4 61. f6 1-0

[Event "Lloyds Bank Masters 14th"]
[Site "London"]
[Date "1990.08.20"]
[Round "3"]
[White "Merriman, John"]
[Black "Anagnostopoulos, Dimitrios"]
[Result "1/2-1/2"]
[WhiteElo "2220"]
[BlackElo "2400"]
[PlyCount "45"]
[EventDate "1990.08.18"]
[EventType "swiss"]
[EventRounds "10"]
[EventCountry "ENG"]
[SourceTitle "BritBase"]
[Source "John Saunders"]
[SourceDate "2023.05.21"]
[SourceVersion "1"]
[SourceVersionDate "2023.05.21"]
[SourceQuality "1"]

1. d4 Nf6 2. c4 g6 3. Nc3 Bg7 4. e4 d6 5. f3 O-O 6. Be3 a6 7. Qd2 c6 8. Nge2
Nbd7 9. h4 b5 10. h5 e5 11. d5 cxd5 12. Nxd5 Nxd5 13. cxd5 f5 14. hxg6 hxg6 15.
O-O-O Nf6 16. Nc3 b4 17. Na4 fxe4 18. Qxb4 exf3 19. gxf3 Bf5 20. Nc3 Rb8 21.
Qa3 Qc7 22. Bh3 Nh5 23. Rdg1 1/2-1/2

[Event "Lloyds Bank Masters 14th"]
[Site "London"]
[Date "1990.08.20"]
[Round "3"]
[White "Popovych, Orest"]
[Black "Emms, John M"]
[Result "1/2-1/2"]
[WhiteElo "2275"]
[BlackElo "2430"]
[PlyCount "96"]
[EventDate "1990.08.18"]
[EventType "swiss"]
[EventRounds "10"]
[EventCountry "ENG"]
[SourceTitle "BritBase"]
[Source "John Saunders"]
[SourceDate "2023.05.21"]
[SourceVersion "1"]
[SourceVersionDate "2023.05.21"]
[SourceQuality "1"]

1. e4 Nc6 2. d4 e5 3. dxe5 Nxe5 4. Nf3 Bb4+ 5. c3 Bd6 6. Nxe5 Bxe5 7. f4 Bd6 8.
Be3 Qe7 9. Qf3 Bc5 10. Bc4 Bxe3 11. Qxe3 d5 12. Bxd5 Nf6 13. Bb3 Qxe4 14. Qxe4+
Nxe4 15. O-O O-O 16. Re1 Nc5 17. Bc2 Be6 18. b4 Nd7 19. f5 Bd5 20. Na3 Nf6 21.
c4 Bc6 22. b5 Bd7 23. h3 h5 24. Kf2 Rfe8 25. Bd3 Kh7 26. Nc2 Kh6 27. Rxe8 Rxe8
28. Re1 Kg5 29. Rxe8 Nxe8 30. Nd4 Kf6 31. g4 hxg4 32. hxg4 g5 33. Nf3 c5 34. a4
Nd6 35. Ke3 b6 36. Nd2 Bc8 37. Be4 a5 38. Bd5 Ke5 39. Nf3+ Kf6 40. Kd3 Bd7 41.
Nd2 Ke5 42. Ke3 Bc8 43. Bc6 Kf6 44. Ne4+ Ke5 45. Nxg5 Nxc4+ 46. Kd3 Nd6 47. Ke3
Nc4+ 48. Kd3 Nd6 1/2-1/2

[Event "Lloyds Bank Masters 14th"]
[Site "London"]
[Date "1990.08.20"]
[Round "3"]
[White "Rogers, Ian"]
[Black "Sitnikova, Nina"]
[Result "1-0"]
[WhiteElo "2535"]
[BlackElo "2280"]
[PlyCount "115"]
[EventDate "1990.08.18"]
[EventType "swiss"]
[EventRounds "10"]
[EventCountry "ENG"]
[SourceTitle "BritBase"]
[Source "John Saunders"]
[SourceDate "2023.05.21"]
[SourceVersion "1"]
[SourceVersionDate "2023.05.21"]
[SourceQuality "1"]

1. e4 c5 2. Nf3 a6 3. c3 d5 4. exd5 Qxd5 5. d4 e6 6. Be2 Nf6 7. O-O Nc6 8. Be3
cxd4 9. cxd4 Be7 10. Nc3 Qd6 11. a3 O-O 12. b4 b5 13. Rc1 Bb7 14. Qd3 Rac8 15.
Ng5 Nb8 16. Nce4 Nxe4 17. Nxe4 Bxe4 18. Qxe4 Nd7 19. Rxc8 Rxc8 20. Rc1 Rxc1+
21. Bxc1 Nf6 22. Qa8+ Bf8 23. g3 Nd5 24. Bf3 h6 25. Bd2 Nc7 26. Qc8 Nd5 27. h4
Ne7 28. Qa8 Nd5 29. h5 Nc7 30. Qb7 Nd5 31. Kg2 Be7 32. Be4 Bf8 33. Kg1 Be7 34.
Bb1 Qb6 35. Qc8+ Bf8 36. Qc2 Nf6 37. Qd3 Qb7 38. Bf4 Be7 39. Be5 Qd7 40. g4 Kf8
41. f3 Qc6 42. Kg2 Qd5 43. Qc2 Qd7 44. Qc1 Nd5 45. Be4 Kg8 46. Kh3 Bf6 47. Bxf6
Nxf6 48. Qc6 Qxc6 49. Bxc6 Nd5 50. Bxd5 exd5 51. Kg3 f6 52. Kf4 Kf8 53. Kf5 Kf7
54. f4 Ke7 55. Kg6 Kf8 56. g5 fxg5 57. fxg5 hxg5 58. Kxg5 1-0

[Event "Lloyds Bank Masters 14th"]
[Site "London"]
[Date "1990.08.20"]
[Round "3"]
[White "Sher, Miron N"]
[Black "Jones, Andrew"]
[Result "1-0"]
[WhiteElo "2485"]
[BlackElo "2245"]
[PlyCount "67"]
[EventDate "1990.08.18"]
[EventType "swiss"]
[EventRounds "10"]
[EventCountry "ENG"]
[SourceTitle "BritBase"]
[Source "John Saunders"]
[SourceDate "2023.05.21"]
[SourceVersion "1"]
[SourceVersionDate "2023.05.21"]
[SourceQuality "1"]

1. c4 f5 2. g3 Nf6 3. Bg2 g6 4. d4 Bg7 5. Nc3 O-O 6. Nh3 d6 7. d5 Na6 8. Nf4
Bd7 9. O-O c6 10. e4 fxe4 11. Nxe4 Nxe4 12. Bxe4 Nc5 13. Bg2 Qb6 14. Be3 Qxb2
15. Rb1 Qxa2 16. Bxc5 dxc5 17. Rxb7 Rad8 18. Qe1 Bc8 19. dxc6 Bxb7 20. cxb7 Qb2
21. Ne6 Be5 22. Qa5 Bd4 23. Kh1 Qb6 24. Qxb6 axb6 25. Rb1 Be5 26. Nxd8 Rxd8 27.
Bd5+ Kg7 28. Rxb6 Rb8 29. Be6 Bc7 30. Rb5 Kf6 31. Bc8 Bd6 32. Rb3 Ke5 33. Rd3
Ke4 34. Rd5 1-0

[Event "Lloyds Bank Masters 14th"]
[Site "London"]
[Date "1990.08.20"]
[Round "3"]
[White "Sturua, Zurab"]
[Black "Rogers, Jonathan"]
[Result "1-0"]
[WhiteElo "2470"]
[BlackElo "2240"]
[PlyCount "71"]
[EventDate "1990.08.18"]
[EventType "swiss"]
[EventRounds "10"]
[EventCountry "ENG"]
[SourceTitle "BritBase"]
[Source "John Saunders"]
[SourceDate "2023.05.21"]
[SourceVersion "1"]
[SourceVersionDate "2023.05.21"]
[SourceQuality "1"]

1. d4 Nf6 2. Nf3 c5 3. d5 g6 4. Nc3 Bg7 5. e4 d6 6. Bb5+ Nbd7 7. a4 a6 8. Bc4
O-O 9. O-O Rb8 10. Re1 Ng4 11. Bf1 Nge5 12. Nd2 g5 13. Be2 Nf6 14. Nf1 g4 15.
Ng3 Bd7 16. a5 Kh8 17. Bg5 Rg8 18. Qc1 Qf8 19. Na4 h6 20. Bf4 Ng6 21. Bd2 h5
22. Nb6 Ne5 23. Ra3 Bb5 24. c4 Be8 25. h3 Nfd7 26. Nxh5 Nxb6 27. hxg4 f6 28.
Nxf6 Bxf6 29. Rh3+ Kg7 30. Bh6+ Kf7 31. Bxf8 Kxf8 32. axb6 Nxg4 33. Bxg4 Rxg4
34. e5 dxe5 35. Qh6+ Bg7 36. Rf3+ 1-0

[Event "Lloyds Bank Masters 14th"]
[Site "London"]
[Date "1990.08.20"]
[Round "3"]
[White "Summerscale, Aaron"]
[Black "Shabtai, Ran"]
[Result "0-1"]
[WhiteElo "2315"]
[BlackElo "2295"]
[PlyCount "74"]
[EventDate "1990.08.18"]
[EventType "swiss"]
[EventRounds "10"]
[EventCountry "ENG"]
[SourceTitle "BritBase"]
[Source "John Saunders"]
[SourceDate "2023.05.21"]
[SourceVersion "1"]
[SourceVersionDate "2023.05.21"]
[SourceQuality "1"]

1. d4 f5 2. Bg5 g6 3. e3 Bg7 4. h4 d6 5. Bc4 h6 6. Bf4 Nc6 7. c3 e5 8. dxe5
dxe5 9. Qxd8+ Nxd8 10. Bg3 Be6 11. Nd2 Ne7 12. Ngf3 Nec6 13. O-O-O Bxc4 14.
Nxc4 Nf7 15. Rd5 e4 16. Ng1 Ne7 17. Rd2 b5 18. Na5 Be5 19. Ne2 Bxg3 20. Nxg3
Ne5 21. Rhd1 O-O 22. f3 exf3 23. gxf3 Rae8 24. f4 Ng4 25. Rd7 Nxe3 26. Rg1 N3d5
27. Re1 c6 28. Rd6 Nxf4 29. h5 gxh5 30. Nxc6 Nxc6 31. Rxe8 Rxe8 32. Rxc6 h4 33.
Nxf5 h3 34. Rxh6 Re2 35. Rh4 h2 36. Ng3 Nd3+ 37. Kd1 Rg2 {time} 0-1

[Event "Lloyds Bank Masters 14th"]
[Site "London"]
[Date "1990.08.20"]
[Round "3"]
[White "Wojtkiewicz, Aleksander"]
[Black "Murshed, Niaz"]
[Result "1-0"]
[WhiteElo "2515"]
[BlackElo "2465"]
[PlyCount "73"]
[EventDate "1990.08.18"]
[EventType "swiss"]
[EventRounds "10"]
[EventCountry "ENG"]
[SourceTitle "BritBase"]
[Source "John Saunders"]
[SourceDate "2023.05.21"]
[SourceVersion "1"]
[SourceVersionDate "2023.05.21"]
[SourceQuality "1"]

1. Nf3 Nf6 2. c4 c6 3. d4 d5 4. Qb3 e6 5. g3 Nbd7 6. Bg2 Be7 7. O-O O-O 8. Rd1
Ne4 9. Nc3 f5 10. Qc2 g5 11. b3 Bf6 12. Bb2 Bg7 13. Rac1 Qf6 14. e3 Qh6 15. Ne2
b6 16. Ba3 Bb7 17. Bxf8 Rxf8 18. b4 Kh8 19. a4 Qh5 20. cxd5 exd5 21. b5 c5 22.
a5 c4 23. Ra1 Qe8 24. axb6 axb6 25. Ra7 Bc8 26. Rda1 Qe6 27. Rc7 Qd6 28. Raa7
Bf6 29. Nd2 Rd8 30. Nxe4 fxe4 31. Bh3 h5 32. Rxc8 Rxc8 33. Bxd7 Rd8 34. Bc6 Qb4
35. Nc3 Rf8 36. Ra8 Bd8 37. Nxd5 1-0

[Event "Lloyds Bank Masters 14th"]
[Site "London"]
[Date "1990.08.20"]
[Round "3"]
[White "Yeo, Michael J"]
[Black "Howell, James C"]
[Result "0-1"]
[WhiteElo "2230"]
[BlackElo "2415"]
[PlyCount "80"]
[EventDate "1990.08.18"]
[EventType "swiss"]
[EventRounds "10"]
[EventCountry "ENG"]
[SourceTitle "BritBase"]
[Source "John Saunders"]
[SourceDate "2023.05.21"]
[SourceVersion "1"]
[SourceVersionDate "2023.05.21"]
[SourceQuality "1"]

1. e4 c5 2. Nf3 e6 3. d4 cxd4 4. Nxd4 Nf6 5. Nc3 d6 6. Bg5 a6 7. f4 Qc7 8. Qf3
b5 9. e5 Bb7 10. Bxb5+ axb5 11. Ndxb5 Qb6 12. Qe2 dxe5 13. fxe5 Nd5 14. O-O-O
Nxc3 15. bxc3 Nd7 16. Rd6 Bxd6 17. Nxd6+ Kf8 18. Rf1 Rxa2 19. Rxf7+ Kg8 20.
Rxg7+ Kxg7 21. Bh6+ Kxh6 22. Qd2+ Kg6 23. Qd3+ Kg7 24. Qg3+ Kf8 25. Qf4+ Ke7
26. Qg5+ Nf6 27. Qg7+ Kd8 28. Nxb7+ Qxb7 29. Qxb7 Nd7 30. Qc6 Re8 31. c4 Ra1+
32. Kd2 Ra5 33. c5 Re7 34. Qe4 Rxc5 35. Qa8+ Rc8 36. Qa5+ Ke8 37. Qa4 Rg7 38.
g3 Rc5 39. Qa8+ Ke7 40. Qa3 Rg5 0-1